000 00474nam a2200157 4500
001 3687
005 20181127171804.0
020 0 0 _a1891868144
090 0 0 _a241.3 Y477p 2004
100 0 0 _aYeshe, Lama.
245 0 0 _aThe peaceful stillness of the silent mind :
_bBuddhism, mind and meditation /
_cLama Yeshe.
_h
260 0 0 _aBoston :
_bLama Yeshe Wisdom Archive,
_c2004.
300 0 0 _a111 p. ; 20 cm.
650 0 0 _aMeditation --Buddhism.
_x
650 0 0 _aSpiritual life --Buddhism.
_x
999 _c3010
_d3010